{"text_format":"1","workbook":"xlsx","n_sheets":2,"sheets":["Данные","Лист1"],"not_rendered":{"charts":0,"images":0,"macros":1,"external_links":0,"defined_names":4,"comments":0,"pivot_tables":0},"unopened":[],"bounds":{"document_bytes":16777216,"sheet_cells":100000,"rows_first":2000,"rows_last":500,"rows_between":2000,"halvings":0,"cell_chars":16384,"cell_head_chars":4096},"cells_cut":0,"cells_raw":0,"read":"whole","date_system":"1900"}

{"sheet":"Данные","index":0,"n_rows":96,"n_cols":10,"rows_kept":96,"cut":false,"hidden":false,"merged":[[1,0,1,9]]}
[null,null,null,null,null,null,null,null,"Приложение №1"]
["Перечень актуальных и готовых к реализации невостребованных МТР"]
[]
["Наименование лота","Наименование ОГ","№ лота","№ позиции","Наименование неликвидных (НЛ) и невостребованных ликвидных (НВЛ) материалов","Ед. изм","Количество","Мин. цена реализации за ед., руб., без НДС ","Сумма, руб. без НДС","Место нахождения"]
["Оргтехника и ЗИП","ПАО АНК \"Башнефть\" \"Башнефть-Новойл\"",1,1,"Барабан Kyocera 2AV82010","ШТ",1,1101.24,{"$f":"G5*H5","v":1101.24},"450045, г. Уфа, ПАО АНК \"Башнефть\" \"Башнефть-Новойл\""]
["Оргтехника и ЗИП","ПАО АНК \"Башнефть\" \"Башнефть-Новойл\"",1,2,"Блок барабана Kyocera DV-110","ШТ",6,3028.2,18169.199999999997,"450045, г. Уфа, ПАО АНК \"Башнефть\" \"Башнефть-Новойл\""]
["Оргтехника и ЗИП","ПАО АНК \"Башнефть\" \"Башнефть-Новойл\"",1,3,"Вал нагревательный Xerox 022K82890","ШТ",2,728.28,1456.56,"450045, г. Уфа, ПАО АНК \"Башнефть\" \"Башнефть-Новойл\""]
["Оргтехника и ЗИП","ПАО АНК \"Башнефть\" \"Башнефть-Новойл\"",1,4,"Вал нагревательный Xerox 059K39360","ШТ",1,1596,1596,"450045, г. Уфа, ПАО АНК \"Башнефть\" \"Башнефть-Новойл\""]
["Оргтехника и ЗИП","ПАО АНК \"Башнефть\" \"Башнефть-Новойл\"",1,5,"Вал прижимной Xerox 059S50200","ШТ",1,3217.08,3217.08,"450045, г. Уфа, ПАО АНК \"Башнефть\" \"Башнефть-Новойл\""]
["Оргтехника и ЗИП","ПАО АНК \"Башнефть\" \"Башнефть-Новойл\"",1,6,"Вал тефлоновый Kyocera Mita 2C920050","ШТ",1,367.08,367.08,"450045, г. Уфа, ПАО АНК \"Башнефть\" \"Башнефть-Новойл\""]
["Оргтехника и ЗИП","ПАО АНК \"Башнефть\" \"Башнефть-Новойл\"",1,7,"Девелопер Kyocera 2AR86010D чер.","ШТ",1,1097.6099999999999,1097.6099999999999,"450045, г. Уфа, ПАО АНК \"Башнефть\" \"Башнефть-Новойл\""]
["Оргтехника и ЗИП","ПАО АНК \"Башнефть\" \"Башнефть-Новойл\"",1,8,"Док-станция HP 230Вт NZ223AA","ШТ",2,4729.2,9458.4,"450045, г. Уфа, ПАО АНК \"Башнефть\" \"Башнефть-Новойл\""]
["Оргтехника и ЗИП","ПАО АНК \"Башнефть\" \"Башнефть-Новойл\"",1,9,"Заглушка Siemon RIC-F-BLNK-01","ШТ",34,117.58,3997.72,"450045, г. Уфа, ПАО АНК \"Башнефть\" \"Башнефть-Новойл\""]
["Оргтехника и ЗИП","ПАО АНК \"Башнефть\" \"Башнефть-Новойл\"",1,10,"ИБП APC Smart-UPS 750i SUA750I","ШТ",1,7235.09,7235.09,"450045, г. Уфа, ПАО АНК \"Башнефть\" \"Башнефть-Новойл\""]
["Оргтехника и ЗИП","ПАО АНК \"Башнефть\" \"Башнефть-Новойл\"",1,11,"ИБП APC Smart-UPS 750i SUA750I","ШТ",1,7235.09,7235.09,"450045, г. Уфа, ПАО АНК \"Башнефть\" \"Башнефть-Новойл\""]
["Оргтехника и ЗИП","ПАО АНК \"Башнефть\" \"Башнефть-Новойл\"",1,12,"ИБП APC Smart-UPS 750i SUA750I","ШТ",3,7235.09,21705.27,"450045, г. Уфа, ПАО АНК \"Башнефть\" \"Башнефть-Новойл\""]
["Оргтехника и ЗИП","ПАО АНК \"Башнефть\" \"Башнефть-Новойл\"",1,13,"Кабель APC AP9875","ШТ",2,1989.63,3979.26,"450045, г. Уфа, ПАО АНК \"Башнефть\" \"Башнефть-Новойл\""]
["Оргтехника и ЗИП","ПАО АНК \"Башнефть\" \"Башнефть-Новойл\"",1,14,"Карта VIA Tremor 5.1 PCI 81585","ШТ",6,233.37,1400.22,"450045, г. Уфа, ПАО АНК \"Башнефть\" \"Башнефть-Новойл\""]
["Оргтехника и ЗИП","ПАО АНК \"Башнефть\" \"Башнефть-Новойл\"",1,15,"Картридж Domino MC-270BK черный","ШТ",2,1269.6199999999999,2539.2399999999998,"450045, г. Уфа, ПАО АНК \"Башнефть\" \"Башнефть-Новойл\""]
["Оргтехника и ЗИП","ПАО АНК \"Башнефть\" \"Башнефть-Новойл\"",1,16,"Картридж Domino MC-270BK черный","ШТ",9,1451.74,13065.66,"450045, г. Уфа, ПАО АНК \"Башнефть\" \"Башнефть-Новойл\""]
["Оргтехника и ЗИП","ПАО АНК \"Башнефть\" \"Башнефть-Новойл\"",1,17,"Картридж Domino MC-270BK черный","ШТ",4,1451.74,5806.96,"450045, г. Уфа, ПАО АНК \"Башнефть\" \"Башнефть-Новойл\""]
["Оргтехника и ЗИП","ПАО АНК \"Башнефть\" \"Башнефть-Новойл\"",1,18,"Картридж Epson C13S015019 BA","ШТ",4,34.42,137.68,"450045, г. Уфа, ПАО АНК \"Башнефть\" \"Башнефть-Новойл\""]
["Оргтехника и ЗИП","ПАО АНК \"Башнефть\" \"Башнефть-Новойл\"",1,19,"Картридж Epson MX-100 черный PN-MX100","ШТ",10,75.599999999999994,756,"450045, г. Уфа, ПАО АНК \"Башнефть\" \"Башнефть-Новойл\""]
["Оргтехника и ЗИП","ПАО АНК \"Башнефть\" \"Башнефть-Новойл\"",1,20,"Картридж Epson MX-100 черный PN-MX100","ШТ",27,75.599999999999994,2041.1999999999998,"450045, г. Уфа, ПАО АНК \"Башнефть\" \"Башнефть-Новойл\""]
["Оргтехника и ЗИП","ПАО АНК \"Башнефть\" \"Башнефть-Новойл\"",1,21,"Картридж HP Ultrium C7973A","ШТ",5,790.51,3952.55,"450045, г. Уфа, ПАО АНК \"Башнефть\" \"Башнефть-Новойл\""]
["Оргтехника и ЗИП","ПАО АНК \"Башнефть\" \"Башнефть-Новойл\"",1,22,"Картридж чернил Domino IC270BK черный","ШТ",2,2329.0300000000002,4658.0600000000004,"450045, г. Уфа, ПАО АНК \"Башнефть\" \"Башнефть-Новойл\""]
["Оргтехника и ЗИП","ПАО АНК \"Башнефть\" \"Башнефть-Новойл\"",1,23,"Картридж чернил Domino IC270BK черный","ШТ",3,3181.8,9545.4000000000015,"450045, г. Уфа, ПАО АНК \"Башнефть\" \"Башнефть-Новойл\""]
["Оргтехника и ЗИП","ПАО АНК \"Башнефть\" \"Башнефть-Новойл\"",1,24,"Картридж чернил Domino IC270BK черный","ШТ",1,3181.8,3181.8,"450045, г. Уфа, ПАО АНК \"Башнефть\" \"Башнефть-Новойл\""]
["Оргтехника и ЗИП","ПАО АНК \"Башнефть\" \"Башнефть-Новойл\"",1,25,"Картридж черный Epson C13S015020BA","ШТ",6,70.98,425.88,"450045, г. Уфа, ПАО АНК \"Башнефть\" \"Башнефть-Новойл\""]
["Оргтехника и ЗИП","ПАО АНК \"Башнефть\" \"Башнефть-Новойл\"",1,26,"Картридж черный Epson C13S015020BA","ШТ",4,64.849999999999994,259.39999999999998,"450045, г. Уфа, ПАО АНК \"Башнефть\" \"Башнефть-Новойл\""]
["Оргтехника и ЗИП","ПАО АНК \"Башнефть\" \"Башнефть-Новойл\"",1,27,"Картридж черный Epson C13S015020BA","ШТ",10,64.849999999999994,648.5,"450045, г. Уфа, ПАО АНК \"Башнефть\" \"Башнефть-Новойл\""]
["Оргтехника и ЗИП","ПАО АНК \"Башнефть\" \"Башнефть-Новойл\"",1,28,"Коммутатор Allied Telesyn AT-FS750/16","ШТ",1,4313.43,4313.43,"450045, г. Уфа, ПАО АНК \"Башнефть\" \"Башнефть-Новойл\""]
["Оргтехника и ЗИП","ПАО АНК \"Башнефть\" \"Башнефть-Новойл\"",1,29,"Коммутатор Moxa EDS-308-S-SC","ШТ",2,13936.09,27872.18,"450045, г. Уфа, ПАО АНК \"Башнефть\" \"Башнефть-Новойл\""]
["Оргтехника и ЗИП","ПАО АНК \"Башнефть\" \"Башнефть-Новойл\"",1,30,"Комплект Allied Telesis AT-TRAY1","ШТ",2,620.78,1241.56,"450045, г. Уфа, ПАО АНК \"Башнефть\" \"Башнефть-Новойл\""]
["Оргтехника и ЗИП","ПАО АНК \"Башнефть\" \"Башнефть-Новойл\"",1,31,"Конвертер Allied Telesyn AT-MC1008/SP-60","ШТ",1,7146.29,7146.29,"450045, г. Уфа, ПАО АНК \"Башнефть\" \"Башнефть-Новойл\""]
["Оргтехника и ЗИП","ПАО АНК \"Башнефть\" \"Башнефть-Новойл\"",1,32,"Конвертер Allied Telesyn AT-SPLX10/I","ШТ",5,14018.65,70093.25,"450045, г. Уфа, ПАО АНК \"Башнефть\" \"Башнефть-Новойл\""]
["Оргтехника и ЗИП","ПАО АНК \"Башнефть\" \"Башнефть-Новойл\"",1,33,"Кронштейн Samsung LCD-F4611-B","ШТ",10,1230.56,12305.599999999999,"450045, г. Уфа, ПАО АНК \"Башнефть\" \"Башнефть-Новойл\""]
["Оргтехника и ЗИП","ПАО АНК \"Башнефть\" \"Башнефть-Новойл\"",1,34,"Крюк Kyocera Hock Left Covr F 2C904250","ШТ",1,129.88999999999999,129.88999999999999,"450045, г. Уфа, ПАО АНК \"Башнефть\" \"Башнефть-Новойл\""]
["Оргтехника и ЗИП","ПАО АНК \"Башнефть\" \"Башнефть-Новойл\"",1,35,"Медиаконвертер Allied Telesis AT-MC1008","ШТ",6,9653.51,57921.06,"450045, г. Уфа, ПАО АНК \"Башнефть\" \"Башнефть-Новойл\""]
["Оргтехника и ЗИП","ПАО АНК \"Башнефть\" \"Башнефть-Новойл\"",1,36,"Модуль Cisco Catalyst 2900XL WS-X3500-XL","ШТ",2,7908.28,15816.56,"450045, г. Уфа, ПАО АНК \"Башнефть\" \"Башнефть-Новойл\""]
["Оргтехника и ЗИП","ПАО АНК \"Башнефть\" \"Башнефть-Новойл\"",1,37,"Модуль Siemon 6xLC RIC-F-LC12-01","ШТ",8,2759.88,22079.040000000001,"450045, г. Уфа, ПАО АНК \"Башнефть\" \"Башнефть-Новойл\""]
["Оргтехника и ЗИП","ПАО АНК \"Башнефть\" \"Башнефть-Новойл\"",1,38,"Модуль розетки CAXDSM-00100-C001","ШТ",24,225.54,5412.96,"450045, г. Уфа, ПАО АНК \"Башнефть\" \"Башнефть-Новойл\""]
["Оргтехника и ЗИП","ПАО АНК \"Башнефть\" \"Башнефть-Новойл\"",1,39,"Набор для крепежа SCREW-1224","ШТ",50,5.08,254,"450045, г. Уфа, ПАО АНК \"Башнефть\" \"Башнефть-Новойл\""]
["Оргтехника и ЗИП","ПАО АНК \"Башнефть\" \"Башнефть-Новойл\"",1,40,"Направляющая печки Kyocera Mita 2AV20191","ШТ",1,1720.32,1720.32,"450045, г. Уфа, ПАО АНК \"Башнефть\" \"Башнефть-Новойл\""]
["Оргтехника и ЗИП","ПАО АНК \"Башнефть\" \"Башнефть-Новойл\"",1,41,"Направляющая печки Kyocera Mita 2AV20191","ШТ",2,1720.32,3440.64,"450045, г. Уфа, ПАО АНК \"Башнефть\" \"Башнефть-Новойл\""]
["Оргтехника и ЗИП","ПАО АНК \"Башнефть\" \"Башнефть-Новойл\"",1,42,"Панель Siemon S110DB2-200RWM 19\"","ШТ",1,1913.86,1913.86,"450045, г. Уфа, ПАО АНК \"Башнефть\" \"Башнефть-Новойл\""]
["Оргтехника и ЗИП","ПАО АНК \"Башнефть\" \"Башнефть-Новойл\"",1,43,"Панель АйТи-СКС 21-В0-00N010N0-0N0N 10\"","ШТ",1,343.09,343.09,"450045, г. Уфа, ПАО АНК \"Башнефть\" \"Башнефть-Новойл\""]
["Оргтехника и ЗИП","ПАО АНК \"Башнефть\" \"Башнефть-Новойл\"",1,44,"Панель монтажная Rittal 15ВЕ 2236750","ШТ",1,802.79,802.79,"450045, г. Уфа, ПАО АНК \"Башнефть\" \"Башнефть-Новойл\""]
["Оргтехника и ЗИП","ПАО АНК \"Башнефть\" \"Башнефть-Новойл\"",1,45,"Переходник Siemon MX-45-02-82","ШТ",7,41.58,291.06,"450045, г. Уфа, ПАО АНК \"Башнефть\" \"Башнефть-Новойл\""]
["Оргтехника и ЗИП","ПАО АНК \"Башнефть\" \"Башнефть-Новойл\"",1,46,"Переходник Siemon MX-45-02-25","ШТ",10,49.56,495.6,"450045, г. Уфа, ПАО АНК \"Башнефть\" \"Башнефть-Новойл\""]
["Оргтехника и ЗИП","ПАО АНК \"Башнефть\" \"Башнефть-Новойл\"",1,47,"Переходник Siemon MX-45-02-25","ШТ",8,36.68,293.44,"450045, г. Уфа, ПАО АНК \"Башнефть\" \"Башнефть-Новойл\""]
["Оргтехника и ЗИП","ПАО АНК \"Башнефть\" \"Башнефть-Новойл\"",1,48,"Полка Conteg 19\" арт. DP-PO-250","ШТ",1,1182.04,1182.04,"450045, г. Уфа, ПАО АНК \"Башнефть\" \"Башнефть-Новойл\""]
["Оргтехника и ЗИП","ПАО АНК \"Башнефть\" \"Башнефть-Новойл\"",1,49,"Разветвитель Siemon 4Pr.T568B YA4-4U1","ШТ",39,462.66,18043.740000000002,"450045, г. Уфа, ПАО АНК \"Башнефть\" \"Башнефть-Новойл\""]
["Оргтехника и ЗИП","ПАО АНК \"Башнефть\" \"Башнефть-Новойл\"",1,50,"Разветвитель Siemon 4Pr.T568B YA4-4U1","ШТ",64,462.66,29610.240000000002,"450045, г. Уфа, ПАО АНК \"Башнефть\" \"Башнефть-Новойл\""]
["Оргтехника и ЗИП","ПАО АНК \"Башнефть\" \"Башнефть-Новойл\"",1,51,"Ракель Kyocera 2AV93060","ШТ",1,656.93,656.93,"450045, г. Уфа, ПАО АНК \"Башнефть\" \"Башнефть-Новойл\""]
["Оргтехника и ЗИП","ПАО АНК \"Башнефть\" \"Башнефть-Новойл\"",1,52,"Ролик Kyocera 2AR07240","ШТ",3,131.09,393.27,"450045, г. Уфа, ПАО АНК \"Башнефть\" \"Башнефть-Новойл\""]
["Оргтехника и ЗИП","ПАО АНК \"Башнефть\" \"Башнефть-Новойл\"",1,53,"Ролик для плоттера 610х45х50.8 90г/м2","ШТ",6,458.9,2753.3999999999996,"450045, г. Уфа, ПАО АНК \"Башнефть\" \"Башнефть-Новойл\""]
["Оргтехника и ЗИП","ПАО АНК \"Башнефть\" \"Башнефть-Новойл\"",1,54,"Ролик для плоттера 610х45х50.8 90г/м2","ШТ",6,458.9,2753.3999999999996,"450045, г. Уфа, ПАО АНК \"Башнефть\" \"Башнефть-Новойл\""]
["Оргтехника и ЗИП","ПАО АНК \"Башнефть\" \"Башнефть-Новойл\"",1,55,"Ролик отделения бумаги 2AR07230","ШТ",3,126.31,378.93,"450045, г. Уфа, ПАО АНК \"Башнефть\" \"Башнефть-Новойл\""]
["Оргтехника и ЗИП","ПАО АНК \"Башнефть\" \"Башнефть-Новойл\"",1,56,"Ролик подачи Kyocera Mita 2AR07220","ШТ",3,530.88,1592.6399999999999,"450045, г. Уфа, ПАО АНК \"Башнефть\" \"Башнефть-Новойл\""]
["Оргтехника и ЗИП","ПАО АНК \"Башнефть\" \"Башнефть-Новойл\"",1,57,"Стойка Siemon RS-07-S","ШТ",2,10031.629999999999,20063.259999999998,"450045, г. Уфа, ПАО АНК \"Башнефть\" \"Башнефть-Новойл\""]
["Оргтехника и ЗИП","ПАО АНК \"Башнефть\" \"Башнефть-Новойл\"",1,58,"Трансивер AlliedTelesisSPFX/15 100BaseFX","ШТ",5,3290.38,16451.900000000001,"450045, г. Уфа, ПАО АНК \"Башнефть\" \"Башнефть-Новойл\""]
["Оргтехника и ЗИП","ПАО АНК \"Башнефть\" \"Башнефть-Новойл\"",1,59,"Узел выхода Xerox 600K70140","ШТ",1,1871.27,1871.27,"450045, г. Уфа, ПАО АНК \"Башнефть\" \"Башнефть-Новойл\""]
["Тонер","ПАО АНК \"Башнефть\" \"Башнефть-Новойл\"",2,60,"Тонер Kyocera Mita КМ-2030 черный","ШТ",5,819,4095,"450045, г. Уфа, ПАО АНК \"Башнефть\" \"Башнефть-Новойл\""]
["Тонер","ПАО АНК \"Башнефть\" \"Башнефть-Новойл\"",2,61,"Тонер Kyocera Mita КМ-2030 черный","ШТ",1,819,819,"450045, г. Уфа, ПАО АНК \"Башнефть\" \"Башнефть-Новойл\""]
["Тонер","ПАО АНК \"Башнефть\" \"Башнефть-Новойл\"",2,62,"Тонер Kyocera Mita КМ-2030 черный","ШТ",19,819,15561,"450045, г. Уфа, ПАО АНК \"Башнефть\" \"Башнефть-Новойл\""]
["Тонер","ПАО АНК \"Башнефть\" \"Башнефть-Новойл\"",2,63,"Тонер Kyocera Mita КМ-2030 черный","ШТ",2,819,1638,"450045, г. Уфа, ПАО АНК \"Башнефть\" \"Башнефть-Новойл\""]
["Тонер","ПАО АНК \"Башнефть\" \"Башнефть-Новойл\"",2,64,"Тонер Kyocera КМ-1525/1530/2030 черный","ШТ",4,819,3276,"450045, г. Уфа, ПАО АНК \"Башнефть\" \"Башнефть-Новойл\""]
["Тонер","ПАО АНК \"Башнефть\" \"Башнефть-Новойл\"",2,65,"Тонер Kyocera-Mita TK-18/TK-100 290г","ШТ",16,2229.88,{"$f":"G69*H69","v":35678.080000000002},"450045, г. Уфа, ПАО АНК \"Башнефть\" \"Башнефть-Новойл\""]
["Тонер","ПАО АНК \"Башнефть\" \"Башнефть-Новойл\"",2,66,"Тонер Ricoh 1A06401","ШТ",6,545.99,3275.94,"450045, г. Уфа, ПАО АНК \"Башнефть\" \"Башнефть-Новойл\""]
["Тонер","ПАО АНК \"Башнефть\" \"Башнефть-Новойл\"",2,67,"Тонер Ricoh CT110BLK черный","ШТ",1,491.59,491.59,"450045, г. Уфа, ПАО АНК \"Башнефть\" \"Башнефть-Новойл\""]
["Тонер","ПАО АНК \"Башнефть\" \"Башнефть-Новойл\"",2,68,"Тонер Ricoh T-1305 черный","ШТ",2,530.15,1060.3,"450045, г. Уфа, ПАО АНК \"Башнефть\" \"Башнефть-Новойл\""]
["Тонер","ПАО АНК \"Башнефть\" \"Башнефть-Новойл\"",2,69,"Тонер Xerox 006R90099 черный","ШТ",4,2458.5300000000002,9834.1200000000008,"450045, г. Уфа, ПАО АНК \"Башнефть\" \"Башнефть-Новойл\""]
["Тонер","ПАО АНК \"Башнефть\" \"Башнефть-Новойл\"",2,70,"Тонер черный Xerox 006R90270","ШТ",2,319.18,638.36,"450045, г. Уфа, ПАО АНК \"Башнефть\" \"Башнефть-Новойл\""]
["Тонер","ПАО АНК \"Башнефть\" \"Башнефть-Новойл\"",2,71,"Тонер черный Xerox 006R90270","ШТ",2,331.28,662.56,"450045, г. Уфа, ПАО АНК \"Башнефть\" \"Башнефть-Новойл\""]
["Тонер","ПАО АНК \"Башнефть\" \"Башнефть-Новойл\"",2,72,"Тонер-картридж HP 126A желтый CE312A","ШТ",1,1448.95,1448.95,"450045, г. Уфа, ПАО АНК \"Башнефть\" \"Башнефть-Новойл\""]
["Тонер","ПАО АНК \"Башнефть\" \"Башнефть-Новойл\"",2,73,"Тонер-картридж LJ 1100 C4092A","ШТ",1,275.52,275.52,"450045, г. Уфа, ПАО АНК \"Башнефть\" \"Башнефть-Новойл\""]
["Тонер","ПАО АНК \"Башнефть\" \"Башнефть-Новойл\"",2,74,"Тонер-картридж LJ 1100 C4092A","ШТ",8,275.52,2204.16,"450045, г. Уфа, ПАО АНК \"Башнефть\" \"Башнефть-Новойл\""]
["Тонер","ПАО АНК \"Башнефть\" \"Башнефть-Новойл\"",2,75,"Тонер-картридж LJ 1100 C4092A","ШТ",9,275.52,2479.6799999999998,"450045, г. Уфа, ПАО АНК \"Башнефть\" \"Башнефть-Новойл\""]
["Тонер","ПАО АНК \"Башнефть\" \"Башнефть-Новойл\"",2,76,"Тонер-картридж LJ 1100 C4092A","ШТ",14,275.52,3857.2799999999997,"450045, г. Уфа, ПАО АНК \"Башнефть\" \"Башнефть-Новойл\""]
["Тонер","ПАО АНК \"Башнефть\" \"Башнефть-Новойл\"",2,77,"Тонер-картридж Panasonic KX-FA76A","ШТ",2,690.88,1381.76,"450045, г. Уфа, ПАО АНК \"Башнефть\" \"Башнефть-Новойл\""]
["Тонер","ПАО АНК \"Башнефть\" \"Башнефть-Новойл\"",2,78,"Тонер-картридж Panasonic KX-FAT88A","ШТ",7,760.74,5325.18,"450045, г. Уфа, ПАО АНК \"Башнефть\" \"Башнефть-Новойл\""]
["Тонер","ПАО АНК \"Башнефть\" \"Башнефть-Новойл\"",2,79,"Тонер-картридж Panasonic KX-FAT88A","ШТ",6,724.27,4345.62,"450045, г. Уфа, ПАО АНК \"Башнефть\" \"Башнефть-Новойл\""]
["Тонер","ПАО АНК \"Башнефть\" \"Башнефть-Новойл\"",2,80,"Тонер-картридж Panasonic KX-FAT88A","ШТ",7,725.14,5075.9799999999996,"450045, г. Уфа, ПАО АНК \"Башнефть\" \"Башнефть-Новойл\""]
["Тонер","ПАО АНК \"Башнефть\" \"Башнефть-Новойл\"",2,81,"Тонер-картридж Xerox 006R01176","ШТ",1,4177.63,4177.63,"450045, г. Уфа, ПАО АНК \"Башнефть\" \"Башнефть-Новойл\""]
["Тонер","ПАО АНК \"Башнефть\" \"Башнефть-Новойл\"",2,82,"Тонер-картридж Xerox 006R01176","ШТ",2,3874.43,7748.86,"450045, г. Уфа, ПАО АНК \"Башнефть\" \"Башнефть-Новойл\""]
["Тонер","ПАО АНК \"Башнефть\" \"Башнефть-Новойл\"",2,83,"Тонер-картридж Xerox 006R01176","ШТ",2,3904.85,7809.7,"450045, г. Уфа, ПАО АНК \"Башнефть\" \"Башнефть-Новойл\""]
["Тонер","ПАО АНК \"Башнефть\" \"Башнефть-Новойл\"",2,84,"Тонер-картридж Xerox 006R01178","ШТ",1,4177.63,4177.63,"450045, г. Уфа, ПАО АНК \"Башнефть\" \"Башнефть-Новойл\""]
["Тонер","ПАО АНК \"Башнефть\" \"Башнефть-Новойл\"",2,85,"Тонер-картридж Xerox 006R01178","ШТ",2,3874.43,7748.86,"450045, г. Уфа, ПАО АНК \"Башнефть\" \"Башнефть-Новойл\""]
["Тонер","ПАО АНК \"Башнефть\" \"Башнефть-Новойл\"",2,86,"Тонер-картридж Xerox 006R01178","ШТ",2,3904.85,7809.7,"450045, г. Уфа, ПАО АНК \"Башнефть\" \"Башнефть-Новойл\""]
["Тонер","ПАО АНК \"Башнефть\" \"Башнефть-Новойл\"",2,87,"Тонер-картридж XEROX 006R90268","ШТ",14,5303.23,74245.22,"450045, г. Уфа, ПАО АНК \"Башнефть\" \"Башнефть-Новойл\""]
["Тонер","ПАО АНК \"Башнефть\" \"Башнефть-Новойл\"",2,88,"Тонер-картридж XEROX 006R90268","ШТ",6,4996.76,29980.560000000001,"450045, г. Уфа, ПАО АНК \"Башнефть\" \"Башнефть-Новойл\""]
["Тонер","ПАО АНК \"Башнефть\" \"Башнефть-Новойл\"",2,89,"Тонер-картридж Xerox 5915 006R01020","ШТ",1,1443.93,1443.93,"450045, г. Уфа, ПАО АНК \"Башнефть\" \"Башнефть-Новойл\""]
["Тонер","ПАО АНК \"Башнефть\" \"Башнефть-Новойл\"",2,90,"Тонер-картридж Xerox 5915 006R01020","ШТ",2,1701.54,3403.08,"450045, г. Уфа, ПАО АНК \"Башнефть\" \"Башнефть-Новойл\""]
["Тонер","ПАО АНК \"Башнефть\" \"Башнефть-Новойл\"",2,91,"Тонер-картридж Xerox 5915 006R01020","ШТ",31,1645.73,51017.63,"450045, г. Уфа, ПАО АНК \"Башнефть\" \"Башнефть-Новойл\""]
["Тонер","ПАО АНК \"Башнефть\" \"Башнефть-Новойл\"",2,92,"Тонер-картридж черный Canon L100 FX-10","ШТ",3,1438.48,4315.4400000000005,"450045, г. Уфа, ПАО АНК \"Башнефть\" \"Башнефть-Новойл\""]

{"sheet":"Лист1","index":1,"n_rows":0,"n_cols":0,"rows_kept":0,"cut":false,"hidden":false,"merged":[]}